000 00446nam a2200181Ia 4500
001 10382
005 20260306161828.0
008 260306t2010||||xx |||||||||||||| ||spa||
041 _aESP
082 _a922.23
_bV23
100 _aValle, Annachiara
_eAUT
245 0 _aEl cardenal Van Thuán:
_bla fuerza de la esperanza
260 _c2010
300 _a115 páginas :
_c20 cm.
650 _aGEN
654 _aCHU
942 _cLIB
_dJUS
_fJUS
_2ddc
_n
999 _c10382
_d10382